<?xml version="1.0" encoding="UTF-8"?>
<record
    xmlns:xsi="http://www.w3.org/2001/XMLSchema-instance"
    xsi:schemaLocation="http://www.loc.gov/MARC21/slim http://www.loc.gov/standards/marcxml/schema/MARC21slim.xsd"
    xmlns="http://www.loc.gov/MARC21/slim">

  <leader>01393nam0a2200337 i 4500</leader>
  <controlfield tag="001">RU\NLR\bibl\2062538</controlfield>
  <controlfield tag="005">20260503053609.0</controlfield>
  <datafield tag="010" ind1=" " ind2=" ">
    <subfield code="a">9785961444414</subfield>
    <subfield code="9">3000</subfield>
  </datafield>
  <datafield tag="021" ind1=" " ind2=" ">
    <subfield code="a">RU</subfield>
    <subfield code="b">2013-54000</subfield>
    <subfield code="9">3739</subfield>
  </datafield>
  <datafield tag="035" ind1=" " ind2=" ">
    <subfield code="a">(nilc)RuMoRGB-006606347</subfield>
  </datafield>
  <datafield tag="035" ind1=" " ind2=" ">
    <subfield code="a">(NLR Aleph) 002049211</subfield>
  </datafield>
  <datafield tag="090" ind1=" " ind2=" ">
    <subfield code="a">4633306</subfield>
    <subfield code="c">4633306</subfield>
  </datafield>
  <datafield tag="100" ind1=" " ind2=" ">
    <subfield code="a">20130715d2013    u  y0rusy50      ca</subfield>
  </datafield>
  <datafield tag="101" ind1="1" ind2=" ">
    <subfield code="a">rus</subfield>
    <subfield code="c">eng</subfield>
  </datafield>
  <datafield tag="102" ind1=" " ind2=" ">
    <subfield code="a">RU</subfield>
  </datafield>
  <datafield tag="105" ind1=" " ind2=" ">
    <subfield code="a">a   |||||||||</subfield>
  </datafield>
  <datafield tag="200" ind1="1" ind2=" ">
    <subfield code="a">&#x421;&#x43E;&#x437;&#x43D;&#x430;&#x43D;&#x438;&#x435; &#x434;&#x437;&#x435;&#x43D;, &#x441;&#x43E;&#x437;&#x43D;&#x430;&#x43D;&#x438;&#x435; &#x43D;&#x430;&#x447;&#x438;&#x43D;&#x430;&#x44E;&#x449;&#x435;&#x433;&#x43E;</subfield>
    <subfield code="f">&#x421;&#x44E;&#x43D;&#x440;&#x44E; &#x421;&#x443;&#x434;&#x437;&#x443;&#x43A;&#x438;</subfield>
    <subfield code="g">&#x43F;&#x435;&#x440;. &#x441; &#x430;&#x43D;&#x433;&#x43B;. [&#x413;. &#x411;&#x43E;&#x433;&#x434;&#x430;&#x43D;&#x43E;&#x432;, &#x415;. &#x41A;&#x438;&#x440;&#x43A;&#x43E;]</subfield>
  </datafield>
  <datafield tag="210" ind1=" " ind2=" ">
    <subfield code="a">&#x41C;&#x43E;&#x441;&#x43A;&#x432;&#x430;</subfield>
    <subfield code="c">&#x410;&#x43B;&#x44C;&#x43F;&#x438;&#x43D;&#x430; &#x41F;&#x430;&#x431;&#x43B;&#x438;&#x448;&#x435;&#x440;</subfield>
    <subfield code="d">2013</subfield>
  </datafield>
  <datafield tag="215" ind1=" " ind2=" ">
    <subfield code="a">160, [1] &#x441;.</subfield>
    <subfield code="d">22</subfield>
  </datafield>
  <datafield tag="300" ind1=" " ind2=" ">
    <subfield code="a">&#x41F;&#x435;&#x440;. &#x438;&#x437;&#x434;.: Zen mind, beginner`s mind / Shunryu Suzuki. Boston, London: 2000</subfield>
  </datafield>
  <datafield tag="464" ind1=" " ind2="0">
    <subfield code="1">2001#$aZen mind, beginner`s mind$fShunryu Suzuki</subfield>
    <subfield code="1">700#1$aShunryu Suzuki$f1904-1971$3RU\NLR\AUTH\770128024</subfield>
    <subfield code="1">210##$aBoston$aLondon$d2000</subfield>
    <subfield code="t">Zen mind, beginner`s mind</subfield>
    <subfield code="a">Shunryu Suzuki (1904-1971)</subfield>
  </datafield>
  <datafield tag="606" ind1=" " ind2=" ">
    <subfield code="a">&#x414;&#x437;&#x435;&#x43D;</subfield>
    <subfield code="9">996179</subfield>
    <subfield code="3">RU\NLR\AUTH\66377057</subfield>
  </datafield>
  <datafield tag="686" ind1="1" ind2=" ">
    <subfield code="a">&#x42E;3(5&#x42F;)410-325</subfield>
  </datafield>
  <datafield tag="700" ind1=" " ind2="0">
    <subfield code="4">070</subfield>
    <subfield code="a">&#x421;&#x44E;&#x43D;&#x440;&#x44E; &#x421;&#x443;&#x434;&#x437;&#x443;&#x43A;&#x438;</subfield>
    <subfield code="f">1904-1971</subfield>
    <subfield code="3">RU\NLR\AUTH\770128020</subfield>
    <subfield code="9">127994</subfield>
  </datafield>
  <datafield tag="801" ind1=" " ind2="0">
    <subfield code="a">RU</subfield>
    <subfield code="b">RuMoRKP</subfield>
    <subfield code="c">20130715</subfield>
    <subfield code="g">RCR</subfield>
  </datafield>
  <datafield tag="801" ind1=" " ind2="2">
    <subfield code="a">RU</subfield>
    <subfield code="b">&#x420;&#x413;&#x411;</subfield>
    <subfield code="c">20130731</subfield>
    <subfield code="g">rcr</subfield>
  </datafield>
  <datafield tag="801" ind1=" " ind2="1">
    <subfield code="a">RU</subfield>
    <subfield code="b">RuMoRKP</subfield>
    <subfield code="c">20130715</subfield>
    <subfield code="2">rusmarc</subfield>
  </datafield>
  <datafield tag="801" ind1=" " ind2="2">
    <subfield code="a">RU</subfield>
    <subfield code="b">NLR</subfield>
    <subfield code="c">20130813</subfield>
    <subfield code="g">rcr</subfield>
  </datafield>
  <datafield tag="942" ind1=" " ind2=" ">
    <subfield code="c">BOOK</subfield>
  </datafield>
  <datafield tag="980" ind1=" " ind2=" ">
    <subfield code="a">NBR</subfield>
  </datafield>
</record>
